000 00756nam a2200241 u 4500
001 65543
005 20180714072928.0
008 160617s2001 xxua r 000 0 spa d
020 _a0439262836
041 0 _aspa
082 0 _a808.068
_bSTR
100 1 _aSteig, William,
_d1907-2003
_eautor
245 1 0 _aDoctor de Soto /
_cWilliam Steig, traducción de María Puncel.
250 _a[Primera edición]
264 1 _aUnited States of América :
_bScholastic,
_c2001
300 _a28 páginas :
_bilustraciones ;
_c26 cm.
336 _atexto
_2rdacontent
337 _asin mediación
_2rdamedia
338 _avolumen
_2rdacarrier
650 4 _aLiteratura infantil
650 4 _aDentista
_xNovela
700 1 _aPuncel, María
_etraductor
999 _c65543
_d65543